Southville International School and Colleges
Your cart is empty.
  • Cart
  • Lists
    Public lists Eva Luna New books Lux_list list_1
    Your lists Log in to create your own lists
  • Log in to your account
  • Your cookies
  • Search history
Southville International School and Colleges
  • Advanced search
  • Recent comments
  • Most popular
  • Libraries

Log in to your account

Log in with GOOGLE


If you do not have an external account, but do have a local account, you can still log in:

  1. Home
  2. MARC view: Psychiatric mental health nursing /
Normal view MARC view ISBD view

Psychiatric mental health nursing / (Record no. 16211)

[ view plain ]
MARC details
000 -LEADER
fixed length control field 00541nam a22001937a 4500
003 - CONTROL NUMBER IDENTIFIER
control field ILib
005 - DATE AND TIME OF LATEST TRANSACTION
control field 20140310182813.0
008 - FIXED-LENGTH DATA ELEMENTS--GENERAL INFORMATION
fixed length control field 130223t xxu||||| |||| 00| 0 eng d
020 ## - INTERNATIONAL STANDARD BOOK NUMBER
International Standard Book Number 9812652132
050 ## - LIBRARY OF CONGRESS CALL NUMBER
Classification number RC 440
Item number .F75 2005
100 ## - MAIN ENTRY--PERSONAL NAME
Personal name Frisch, Noreen Cavan
245 ## - TITLE STATEMENT
Title Psychiatric mental health nursing /
Statement of responsibility, etc Noreen Cavan Frisch, Lawrence E. Frisch
250 ## - EDITION STATEMENT
Edition statement 2nd ed.
260 ## - PUBLICATION, DISTRIBUTION, ETC. (IMPRINT)
Place of publication, distribution, etc Australia :
Name of publisher, distributor, etc Thomson Learning,
Date of publication, distribution, etc 2005.
300 ## - PHYSICAL DESCRIPTION
Extent xxxv, 860 p. :
Other physical details ill. ;
Dimensions 26 cm.
521 ## - TARGET AUDIENCE NOTE
Target audience note
942 ## - ADDED ENTRY ELEMENTS (KOHA)
Source of classification or shelving scheme Library of Congress Classification
Koha item type Books
Call number prefix Foreign
Holdings
Withdrawn status Lost status Source of classification or shelving scheme Damaged status Home library Current library Shelving location Date acquired Total Checkouts Full call number Barcode Date last seen Copy number Price effective from Koha item type
    Library of Congress Classification   College Library College Library General Circulation Section 02/23/2013   RC 440 .F75 2005 C6450 05/15/2018 1 02/23/2013 Books

Psychiatric mental health nursing /

APA

Frisch N. C., . (2005). Psychiatric mental health nursing. Australia: Thomson Learning.

Chicago

Frisch Noreen Cavan, . 2005. Psychiatric mental health nursing. Australia: Thomson Learning.

Harvard

Frisch N. C., . (2005). Psychiatric mental health nursing. Australia: Thomson Learning.

MLA

Frisch Noreen Cavan, . Psychiatric mental health nursing. Australia: Thomson Learning. 2005.

  • Place hold
  • Print
  • Cite
  • Add to your cart (remove)
  • Save record
    BIBTEX Dublin Core MARCXML MARC (non-Unicode/MARC-8) MARC (Unicode/UTF-8) MARC (Unicode/UTF-8, Standard) MODS (XML) RIS
  • More searches
    Search for this title in:
    Other Libraries (WorldCat) Other Databases (Google Scholar) Online Stores (Bookfinder.com) Open Library (openlibrary.org)

Exporting to Dublin Core...

SOUTHVILLE LIBRARY

Southville International School and Colleges Library

1281 Tropical Ave. Cor. Luxembourg St., BF Homes International, Las Pinas City

Tel. No. 8256374 / 252358 Loc. 117/146

Powered by Koha